|
|
|
|
| LEADER |
00000nas a22000001a 4500 |
| 001 |
vtls010299934 |
| 003 |
SK-MaSNL |
| 005 |
20260228161704.0 |
| 008 |
110810d19411941xo mr p r 0 b0slo |
| 015 |
|
|
|a SNBDS17XX9999
|
| 015 |
|
|
|a 0703
|2 Fedor 1939-44
|
| 038 |
|
|
|a SNKBUDS
|
| 040 |
|
|
|a SNK
|b slo
|c SNK
|e AACR2
|
| 041 |
0 |
|
|a slo
|
| 044 |
|
|
|a xo
|c SK
|
| 245 |
0 |
0 |
|a Vojenský obzor
|
| 260 |
|
|
|a Bratislava
|b Ministerstvo národnej obrany
|c 1941
|
| 300 |
|
|
|a 1 čís.
|c 26 x 18 cm
|
| 310 |
|
|
|a 1x mesačne okrem prázdnin
|
| 362 |
1 |
|
|a Vyšlo iba jedno trojčíslo r. 1941
|z Citované z: Bibliografia periodík na Slov. 1939-44 / M. Fedor
|
| 500 |
|
|
|a Vych. v Bratislave mesačne okrem júla a augusta
|
| 500 |
|
|
|a Zodp. red. J. Imro. Rediguje red. rada
|
| 500 |
|
|
|a Maj. a vyd. Ministerstvo národnej obrany
|
| 500 |
|
|
|a Tlač. Štát. kníhtlač.
|
| 505 |
8 |
0 |
|g Roč. I. 1941 1-3 čís. 64 s.
|
| 520 |
|
|
|a Odborný vojenský časopis, ktorého prípravou bola príloha Slovenského vojska Obzor Slovenského vojska. Mal byť fórom slovenskej vojenskej duševnej práce, informátorom o moderných vojenských vymoženostiach a skúsenostiach na poli technickom i taktickom, spravodajca o politicko-vojenských udalostiach
|
| 650 |
0 |
7 |
|a vojenstvo
|2 SNKPH
|9 22591
|
| 655 |
|
7 |
|a vojenské časopisy
|2 SNKBUDS
|9 265114
|
| 700 |
1 |
|
|a Imro, Ján,
|d 1897-1990
|4 pbds
|9 198323
|
| 710 |
2 |
|
|a Ministerstvo národnej obrany
|e vydav.
|9 269285
|
| 710 |
2 |
|
|a Štátna kníhtlačiareň (Bratislava)
|e tlač.
|9 269286
|
| 852 |
|
|
|a SNK
|b 10000
|h ČSC 683
|
| 999 |
|
|
|c 5909
|d 7839
|